| 000 | 00732nam a22002057i 4500 | ||
|---|---|---|---|
| 999 |
_c22966 _d22966 |
||
| 003 | AR-CdUCM | ||
| 008 | 240807b20182018 pe||||| |||| 00| 0 spa d | ||
| 020 | _a978-612-47510-1-1 | ||
| 040 |
_aMUNICIPALIDAD PROVINCIAL DEL CUSCO _cBIBLIOTECA MUNICIPAL DEL CUSCO |
||
| 082 |
_aEP / 803 / C24Z _bC24Z |
||
| 100 |
_aCama Ttito, Máximo [Compilador] _950148 |
||
| 245 |
_aEl zorro y el cóndor : _bEl origen de los alimentos en el mundo andino / |
||
| 260 |
_aCusco : _bRCQ Editorial, _c2018. |
||
| 300 |
_a23 páginas. : _bIlustraciones en color, _c20 cm. |
||
| 650 |
_aCuento andino _950149 |
||
| 650 |
_aComprensión lectora _94534 |
||
| 700 |
_aCule Adriana [Ilustradora] _950150 |
||
| 942 |
_2ddc _cLIBROS |
||
| 945 |
_apbj _d2024-08-07 |
||